[Event "2. Copenhagen Open Politiken Cup"]
[Site "Brndby"]
[Date "1980.??.??"]
[Round "7"]
[White "Jacobsen, Bo"]
[Black "Ravikumar, Vaidyanathan"]
[Result "0-1"]
[WhiteElo "2370"]
[BlackElo "2305"]
[PlyCount "78"]
[EventDate "1980.??.??"]
[EventType "swiss"]
[EventRounds "10"]
[EventCountry "DEN"]
[SourceDate "2004.01.01"]

1. c4 Nf6 2. g3 c5 3. Bg2 d5 4. cxd5 Nxd5 5. Nc3 Nc7 6. d3 Nc6 7. Be3 e5 8. Rc1
Bd7 9. Nd5 Ne6 10. Nf3 Rc8 11. O-O b6 12. a3 Bd6 13. b4 O-O 14. bxc5 Nxc5 15.
Rc4 Ne6 16. Qa1 b5 17. Rc2 Qa5 18. Rfc1 Ncd4 19. Nxd4 exd4 20. Bxd4 Rxc2 21.
Rxc2 Qa4 22. Bxg7 Nxg7 23. Qf6 Be6 24. Ne3 Qxa3 25. Be4 Be7 26. Qh6 f5 27. Bd5
Qa1+ 28. Kg2 Qe5 29. Bxe6+ Qxe6 30. Qf4 b4 31. Qc7 b3 32. Rc6 Bd8 33. Qb7 Qf7
34. Qb5 f4 35. Ng4 Kh8 36. Nh6 f3+ 37. Kg1 Qh5 38. Qxb3 fxe2 39. Qb1 Qf3 0-1

[Event "2. Copenhagen Open Politiken Cup"]
[Site "Brndby"]
[Date "1980.??.??"]
[Round "7"]
[White "Jensen, Vagn"]
[Black "Hoi, Carsten"]
[Result "0-1"]
[WhiteElo "2235"]
[BlackElo "2410"]
[PlyCount "76"]
[EventDate "1980.??.??"]
[EventType "swiss"]
[EventRounds "10"]
[EventCountry "DEN"]
[SourceDate "2004.01.01"]

1. e4 e6 2. d4 d5 3. Nd2 Nf6 4. e5 Nfd7 5. Bd3 b6 6. Ne2 Ba6 7. Bxa6 Nxa6 8.
O-O c5 9. c4 Nc7 10. cxd5 Nxd5 11. Ne4 Be7 12. Nf4 Nxf4 13. Bxf4 cxd4 14. Qg4
g5 15. Bxg5 Bxg5 16. Nxg5 Rg8 17. f4 h6 18. Qh5 hxg5 19. f5 Qe7 20. Rac1 Nc5
21. b4 Nd7 22. fxe6 Qxe6 23. Rc6 Qxc6 24. Qxf7+ Kd8 25. Qxg8+ Kc7 26. Qxg5 Qe6
27. Rc1+ Kb7 28. Qf4 Rc8 29. Qe4+ Kb8 30. Rxc8+ Kxc8 31. Qa8+ Kc7 32. Qxa7+ Kc6
33. Qa4+ Kb7 34. Qb5 Nxe5 35. Kf2 Qf5+ 36. Kg3 Qg5+ 37. Kf2 Ng4+ 38. Ke2 Qxb5+
0-1

[Event "2. Copenhagen Open Politiken Cup"]
[Site "Brndby"]
[Date "1980.??.??"]
[Round "7"]
[White "Kovacs, Laszlo"]
[Black "Eriksen, Soren"]
[Result "1/2-1/2"]
[WhiteElo "2340"]
[BlackElo "2210"]
[PlyCount "146"]
[EventDate "1980.??.??"]
[EventType "swiss"]
[EventRounds "10"]
[EventCountry "DEN"]
[SourceDate "2004.01.01"]

1. e4 e5 2. Bc4 Nf6 3. d3 Nc6 4. Nc3 d6 5. Nge2 Be6 6. O-O Qd7 7. Bxe6 fxe6 8.
d4 exd4 9. Nxd4 Be7 10. Be3 O-O 11. Qe2 Nxd4 12. Bxd4 e5 13. Qc4+ Rf7 14. Be3
a6 15. a4 Raf8 16. f3 Kh8 17. Rad1 h6 18. Nd5 Bd8 19. b3 Nxd5 20. Qxd5 Bg5 21.
Bf2 b6 22. Rd3 a5 23. Rc3 h5 24. Rd1 h4 25. h3 Qe7 26. Qc4 Bf4 27. Qe2 Kh7 28.
Rdd3 Rh8 29. Rc6 Rd8 30. Qe1 Bg5 31. Rdc3 Rd7 32. Kf1 Qf6 33. Ke2 Qf4 34. Rd3
Qh2 35. Qg1 Qf4 36. Qe1 Qh2 37. Bxh4 Qxg2+ 38. Qf2 Qxf2+ 39. Bxf2 Bd8 40. c3
Rf8 41. b4 Bg5 42. h4 Bh6 43. bxa5 bxa5 44. Ra6 Rb8 45. Rxa5 Rb2+ 46. Kf1 Rf7
47. Kg2 Ra2 48. Rb5 Rxa4 49. Rb2 Rf8 50. Rc2 Rc4 51. Rb2 Ra8 52. Be3 Ra3 53.
Rc2 Bxe3 54. Rxe3 Kg6 55. Kg3 Kf6 56. f4 exf4+ 57. Kxf4 d5 58. Rd2 dxe4 59.
Rxe4 Raxc3 60. Rf2 Kg6 61. Rg2+ Kh6 62. Rg5 Rxe4+ 63. Kxe4 Rc4+ 64. Kf3 Rc1 65.
Rg2 Rc6 66. h5 Rf6+ 67. Kg4 Rc6 68. Kf4 Rc4+ 69. Kf3 Rc3+ 70. Kf4 Rc6 71. Rg1
Kh7 72. Re1 Kg8 73. Re7 Kf8 1/2-1/2

[Event "2. Copenhagen Open Politiken Cup"]
[Site "Brndby"]
[Date "1980.??.??"]
[Round "7"]
[White "Larsen, Ernst"]
[Black "Jensen, Allan Astrup"]
[Result "0-1"]
[WhiteElo "2200"]
[BlackElo "2245"]
[PlyCount "40"]
[EventDate "1980.??.??"]
[EventType "swiss"]
[EventRounds "10"]
[EventCountry "DEN"]
[SourceDate "2004.01.01"]

1. d4 f5 2. e4 fxe4 3. Nc3 Nf6 4. f3 Nc6 5. fxe4 e5 6. dxe5 Nxe5 7. Nf3 Nxf3+
8. Qxf3 Bb4 9. Bc4 d5 10. exd5 O-O 11. O-O Kh8 12. Bg5 c6 13. Kh1 Bxc3 14. Qxc3
cxd5 15. Rad1 Bg4 16. Bxf6 Rxf6 17. Rxf6 Bxd1 18. Rf7 Qg5 19. Bxd5 Bh5 20. Qe1
Qxd5 0-1

[Event "2. Copenhagen Open Politiken Cup"]
[Site "Brndby"]
[Date "1980.??.??"]
[Round "7"]
[White "Nicholson, John"]
[Black "Wicker, Kevin J"]
[Result "1/2-1/2"]
[WhiteElo "2305"]
[BlackElo "2340"]
[PlyCount "81"]
[EventDate "1980.??.??"]
[EventType "swiss"]
[EventRounds "10"]
[EventCountry "DEN"]
[SourceDate "2004.01.01"]

1. e4 e5 2. Nf3 Nc6 3. Bb5 Nge7 4. O-O g6 5. c3 Bg7 6. d4 d6 7. dxe5 dxe5 8.
Qe2 O-O 9. Be3 h6 10. Bc5 Bd7 11. a4 a6 12. Bc4 Qc8 13. b4 b6 14. Be3 Nd8 15.
a5 b5 16. Ba2 Be6 17. c4 bxc4 18. Bxc4 Nec6 19. Bc5 Re8 20. Nc3 Nd4 21. Nxd4
exd4 22. Nd5 Bxd5 23. Bxd5 c6 24. Ba2 d3 25. Qxd3 Bxa1 26. Rxa1 Ne6 27. Bb6 Qb8
28. Qc3 Qd6 29. e5 Qe7 30. g3 Rac8 31. Bc4 c5 32. Bxa6 Ra8 33. Bf1 cxb4 34. Qb2
Rab8 35. Rb1 Ng5 36. Bg2 Rec8 37. h4 Nh7 38. Qxb4 Qxe5 39. a6 Nf8 40. a7 Nd7
41. axb8=Q 1/2-1/2

[Event "2. Copenhagen Open Politiken Cup"]
[Site "Brndby"]
[Date "1980.??.??"]
[Round "7"]
[White "Poulsen, Allan"]
[Black "Bednarski, Jacek"]
[Result "0-1"]
[WhiteElo "2350"]
[BlackElo "2385"]
[PlyCount "102"]
[EventDate "1980.??.??"]
[EventType "swiss"]
[EventRounds "10"]
[EventCountry "DEN"]
[SourceDate "2004.01.01"]

1. e4 e6 2. d4 d5 3. Nd2 b6 4. Ngf3 Nf6 5. exd5 Nxd5 6. Ne5 Bb7 7. Ne4 Be7 8.
Qh5 O-O 9. Bd3 g6 10. Qe2 Nb4 11. Bh6 Re8 12. c3 Nxd3+ 13. Qxd3 Qd5 14. f3 Nc6
15. Ng4 Qd8 16. Ngf2 f5 17. Nd2 Ne5 18. dxe5 Qxd3 19. Nxd3 Rad8 20. Nf2 g5 21.
h4 gxh4 22. Nb3 Kf7 23. Nh3 Rg8 24. Nf4 c5 25. Rd1 Rxd1+ 26. Kxd1 Rxg2 27. Nxg2
Bxf3+ 28. Ke1 Bxg2 29. Rh2 Bd5 30. Nc1 Kg6 31. Bf4 Kh5 32. b3 Kg4 33. Ne2 Bf3
34. Be3 Be4 35. Kf2 h3 36. Bf4 Bf3 37. Ke3 Bh4 38. Ng1 Bg2 39. Ne2 Be1 40. a3
h5 41. b4 h4 42. b5 c4 43. a4 Kh5 44. Rxg2 hxg2 45. Kf3 Bxc3 46. Bh2 Bd2 47.
Nd4 c3 48. Bg1 f4 49. Nc2 h3 50. a5 bxa5 51. Bxa7 Be3 0-1

[Event "2. Copenhagen Open Politiken Cup"]
[Site "Brndby"]
[Date "1980.??.??"]
[Round "7"]
[White "Sorensen, Bent"]
[Black "Mortensen, Erling"]
[Result "1/2-1/2"]
[WhiteElo "2245"]
[BlackElo "2400"]
[PlyCount "87"]
[EventDate "1980.??.??"]
[EventType "swiss"]
[EventRounds "10"]
[EventCountry "DEN"]
[SourceDate "2004.01.01"]

1. c4 e5 2. Nc3 Nf6 3. g3 d5 4. cxd5 Nxd5 5. Bg2 Nb6 6. Nf3 Nc6 7. O-O Be7 8.
a3 f5 9. d3 O-O 10. b4 Bf6 11. Bb2 Nd4 12. e3 Nxf3+ 13. Bxf3 Qe7 14. Qc2 Rd8
15. a4 c6 16. b5 cxb5 17. a5 Na4 18. Ba3 Qf7 19. Nxb5 e4 20. Nd6 Rxd6 21. Bxd6
Bxa1 22. dxe4 fxe4 23. Bxe4 Nc3 24. Bxh7+ Kh8 25. Rxa1 Qf3 26. Be5 Bh3 27.
Bxg7+ Kxg7 28. Qxc3+ Kxh7 29. Qc7+ Kg6 30. Qd6+ Kf7 31. Qc7+ Ke6 32. Qc4+ Qd5
33. Qxd5+ Kxd5 34. f3 Rc8 35. Rd1+ Ke5 36. Rd2 Be6 37. Kf2 b5 38. axb6 axb6 39.
f4+ Kf6 40. Rb2 Rb8 41. e4 b5 42. Kf3 b4 43. g4 b3 44. g5+ 1/2-1/2

[Event "2. Copenhagen Open Politiken Cup"]
[Site "Brndby"]
[Date "1980.??.??"]
[Round "7"]
[White "Welin, Thomas"]
[Black "Smyslov, Vassily"]
[Result "0-1"]
[WhiteElo "2215"]
[BlackElo "2550"]
[PlyCount "82"]
[EventDate "1980.??.??"]
[EventType "swiss"]
[EventRounds "10"]
[EventCountry "DEN"]
[SourceDate "2004.01.01"]

1. c4 e5 2. Nc3 Nf6 3. Nf3 d6 4. d4 Nbd7 5. g3 g6 6. Bg2 Bg7 7. O-O O-O 8. b3
Re8 9. Bb2 e4 10. Ng5 e3 11. f3 d5 12. f4 dxc4 13. bxc4 c6 14. Qb3 h6 15. Nge4
Nxe4 16. Nxe4 Nb6 17. Rac1 Bf5 18. Nc5 Qe7 19. a4 Rab8 20. Rfd1 h5 21. Ba3 Qf6
22. a5 Nd7 23. Nxd7 Bxd7 24. Bc5 b6 25. axb6 axb6 26. Bxb6 Bg4 27. h3 Bxe2 28.
Re1 Bd3 29. Qxd3 Rxb6 30. Rcd1 h4 31. Rxe3 Rd8 32. d5 hxg3 33. Rxg3 Qxf4 34.
Rf1 Qd4+ 35. Qxd4 Bxd4+ 36. Kh1 c5 37. Be4 Kg7 38. Kg2 Rb2+ 39. Kf3 Re8 40. Bd3
f5 41. d6 Rd2 0-1

[Event "2. Copenhagen Open Politiken Cup"]
[Site "Brndby"]
[Date "1980.??.??"]
[Round "7"]
[White "Akesson, Ralf"]
[Black "Horvath, Tamas"]
[Result "1/2-1/2"]
[WhiteElo "2230"]
[BlackElo "2350"]
[PlyCount "97"]
[EventDate "1980.??.??"]
[EventType "swiss"]
[EventRounds "10"]
[EventCountry "DEN"]
[SourceDate "2004.01.01"]

1. c4 e5 2. Nc3 Nf6 3. d3 Nc6 4. g3 d5 5. cxd5 Nxd5 6. Bg2 Be6 7. Nf3 f6 8. O-O
Qd7 9. d4 exd4 10. Nxd4 Nxd4 11. Qxd4 c5 12. Qh4 Nxc3 13. bxc3 Rd8 14. Be3 b6
15. a4 Be7 16. a5 O-O 17. axb6 axb6 18. Ra6 Bg4 19. Rxb6 g5 20. Qh6 Rf7 21. Bf3
Bf8 22. Bxg4 Qxg4 23. f3 Qc4 24. Qh5 Qxe2 25. Bf2 Rd3 26. Re1 Qxf3 27. Qxf3
Rxf3 28. Re3 Rf5 29. Rb8 Kg7 30. Rc8 Rd7 31. Re2 h5 32. Kg2 g4 33. h3 Rf3 34.
hxg4 hxg4 35. Re3 Rxe3 36. Bxe3 Rd5 37. c4 Re5 38. Kf2 Be7 39. Rc7 Kg6 40. Ke2
Kf5 41. Kd3 Bd6 42. Rc8 Re6 43. Bf2 Be5 44. Rxc5 Ra6 45. Rb5 Ra3+ 46. Ke2 Ke4
47. c5 Ra2+ 48. Kf1 Rc2 49. Rb4+ 1/2-1/2

[Event "2. Copenhagen Open Politiken Cup"]
[Site "Brndby"]
[Date "1980.??.??"]
[Round "8"]
[White "Bednarski, Jacek"]
[Black "Iskov, Gert"]
[Result "1-0"]
[WhiteElo "2385"]
[BlackElo "2400"]
[PlyCount "105"]
[EventDate "1980.??.??"]
[EventType "swiss"]
[EventRounds "10"]
[EventCountry "DEN"]
[SourceDate "2004.01.01"]

1. e4 c5 2. Nf3 d6 3. d4 cxd4 4. Nxd4 Nf6 5. Nc3 a6 6. a4 g6 7. Be2 Bg7 8. O-O
O-O 9. Be3 Nbd7 10. a5 Nc5 11. f3 Bd7 12. b4 Ne6 13. Nd5 Nxd5 14. exd5 Nc7 15.
c4 e6 16. dxe6 fxe6 17. Qd2 d5 18. Bh6 e5 19. Bxg7 Kxg7 20. Nb3 Bc6 21. cxd5
Nxd5 22. Bc4 Qf6 23. Bxd5 Rad8 24. Qc3 Rxd5 25. Rad1 Qd6 26. Rxd5 Qxd5 27. Re1
Re8 28. Nc5 Kf8 29. Re2 Qd1+ 30. Kf2 Qd6 31. h3 Qf6 32. Kg1 Kg7 33. Ne4 Bxe4
34. Rxe4 Re7 35. f4 Qc6 36. Qxc6 bxc6 37. fxe5 Kf7 38. Rc4 Rxe5 39. Rxc6 Re4
40. Rc7+ Kf6 41. Rxh7 Rxb4 42. Ra7 Kf5 43. Rxa6 Ra4 44. Kf2 Ra3 45. Ra8 Kg5 46.
a6 Kf6 47. h4 Kg7 48. g4 Rh3 49. g5 Ra3 50. Ra7+ Kf8 51. Ke2 Ke8 52. Kd2 Kd8
53. h5 1-0

[Event "2. Copenhagen Open Politiken Cup"]
[Site "Brndby"]
[Date "1980.??.??"]
[Round "8"]
[White "Bjerring, Kai"]
[Black "Roth, Rolf"]
[Result "0-1"]
[WhiteElo "2330"]
[BlackElo "2380"]
[PlyCount "54"]
[EventDate "1980.??.??"]
[EventType "swiss"]
[EventRounds "10"]
[EventCountry "DEN"]
[SourceDate "2004.01.01"]

1. e4 c5 2. Nf3 e6 3. d4 cxd4 4. Nxd4 a6 5. Nc3 Qc7 6. g3 Bb4 7. Nde2 Nf6 8.
Bg2 Be7 9. O-O O-O 10. Be3 Nc6 11. Nd4 Ne5 12. h3 b5 13. Bf4 d6 14. g4 Bb7 15.
g5 Nfd7 16. Rc1 Nb6 17. Bg3 Nbc4 18. b3 Ne3 19. Ncxb5 axb5 20. fxe3 Qb6 21. Qh5
Rxa2 22. Rf2 g6 23. Qe2 b4 24. h4 Ba6 25. Qd1 Nc6 26. Nxc6 Qxc6 27. Bxd6 Qxd6
0-1

[Event "2. Copenhagen Open Politiken Cup"]
[Site "Brndby"]
[Date "1980.??.??"]
[Round "8"]
[White "Csom, Istvan"]
[Black "Hansson, Dan"]
[Result "1/2-1/2"]
[WhiteElo "2510"]
[BlackElo "2300"]
[PlyCount "94"]
[EventDate "1980.??.??"]
[EventType "swiss"]
[EventRounds "10"]
[EventCountry "DEN"]
[SourceDate "2004.01.01"]

1. c4 Nf6 2. Nf3 e6 3. b3 d5 4. cxd5 exd5 5. Bb2 Bd6 6. e3 O-O 7. Be2 Re8 8.
O-O Bg4 9. d3 Nbd7 10. Nbd2 c6 11. Re1 Qe7 12. a3 a5 13. Ra2 Qd8 14. Qa1 Qb6
15. Bc3 Bh5 16. Bf1 Bg6 17. b4 axb4 18. axb4 Rxa2 19. Qxa2 Bxb4 20. Rb1 c5 21.
Bxb4 cxb4 22. Qb2 Ra8 23. Qxb4 Qxb4 24. Rxb4 Ra1 25. Rxb7 Bxd3 26. Ne5 Bxf1 27.
Nxf1 Nf8 28. f3 d4 29. exd4 Nd5 30. Rb3 f6 31. Nc4 Ne6 32. Rb5 Rc1 33. Rxd5
Rxc4 34. Rd6 Nxd4 35. Ne3 Ra4 36. Rd7 h6 37. h4 Ra3 38. Nd5 Nf5 39. h5 Ng3 40.
Nf4 Ra5 41. Rd8+ Kf7 42. Rd7+ Ke8 43. Rxg7 Nxh5 44. Nxh5 Rxh5 45. Kf2 Kf8 46.
Rc7 Ra5 47. Kg3 Rg5+ 1/2-1/2

[Event "2. Copenhagen Open Politiken Cup"]
[Site "Brndby"]
[Date "1980.??.??"]
[Round "8"]
[White "Fuller, Maxwell"]
[Black "Ravikumar, Vaidyanathan"]
[Result "1-0"]
[WhiteElo "2355"]
[BlackElo "2305"]
[PlyCount "85"]
[EventDate "1980.??.??"]
[EventType "swiss"]
[EventRounds "10"]
[EventCountry "DEN"]
[SourceDate "2004.01.01"]

1. d4 Nf6 2. c4 e6 3. Nf3 Bb4+ 4. Nbd2 O-O 5. e3 b6 6. Bd3 Bb7 7. O-O d5 8. a3
Be7 9. b3 Nbd7 10. Bb2 Rc8 11. Qe2 Ne4 12. Rfd1 f5 13. Rac1 c6 14. Ne5 Nxe5 15.
dxe5 Nc5 16. Bb1 Qe8 17. b4 Na6 18. Bd3 Nc7 19. c5 bxc5 20. bxc5 Rb8 21. Nf3
Bc8 22. Nd4 Bd7 23. a4 f4 24. exf4 Rxf4 25. g3 Rf7 26. Ba3 Rf8 27. Rb1 Qf7 28.
Rxb8 Rxb8 29. Rb1 Rxb1+ 30. Bxb1 Qf8 31. Qc2 g6 32. Qd2 Kg7 33. Qc3 Qb8 34. h4
Qb7 35. Qa5 Bd8 36. Bc1 Qb8 37. Qd2 Ne8 38. Nf3 Kg8 39. h5 Qb3 40. hxg6 hxg6
41. Bxg6 Qxf3 42. Qh6 Bf6 43. Qh7+ 1-0

[Event "2. Copenhagen Open Politiken Cup"]
[Site "Brndby"]
[Date "1980.??.??"]
[Round "8"]
[White "Hoi, Carsten"]
[Black "Welin, Thomas"]
[Result "1/2-1/2"]
[WhiteElo "2410"]
[BlackElo "2215"]
[PlyCount "99"]
[EventDate "1980.??.??"]
[EventType "swiss"]
[EventRounds "10"]
[EventCountry "DEN"]
[SourceDate "2004.01.01"]

1. d4 Nf6 2. c4 g6 3. Nc3 d5 4. Nf3 Bg7 5. cxd5 Nxd5 6. Bd2 O-O 7. Rc1 Bg4 8.
e3 Nxc3 9. Bxc3 Qd5 10. b3 Bxf3 11. Qxf3 Qxf3 12. gxf3 c6 13. f4 Nd7 14. Bg2
Nb6 15. Ke2 Rfd8 16. h4 Nd5 17. Ba5 Rd7 18. h5 e6 19. Bd2 Ne7 20. b4 Rad8 21.
a4 Nf5 22. Bc3 a6 23. Be4 Rc8 24. Bb2 Rcd8 25. Bd3 Nxd4+ 26. exd4 Bxd4 27. Ba3
Bxf2 28. Rh3 Bd4 29. Rc4 Bf6 30. h6 Be7 31. Bb2 Bf8 32. Bf6 Be7 33. Bxe7 Rxe7
34. Bc2 Red7 35. Rd3 Rd5 36. Ke3 Kf8 37. Rcd4 Ke7 38. Bb3 Rxd4 39. Rxd4 Rc8 40.
Ke4 Rb8 41. Rd3 Rg8 42. a5 Rb8 43. Kd4 b6 44. axb6 Rxb6 45. Kc4 a5 46. bxa5 Rb5
47. Ba4 Rxa5 48. Bxc6 f5 49. Rd4 Kf6 50. Kd3 1/2-1/2

[Event "2. Copenhagen Open Politiken Cup"]
[Site "Brndby"]
[Date "1980.??.??"]
[Round "8"]
[White "Holm, Sejer"]
[Black "Moe, Mogens"]
[Result "1-0"]
[WhiteElo "2395"]
[BlackElo "2370"]
[PlyCount "89"]
[EventDate "1980.??.??"]
[EventType "swiss"]
[EventRounds "10"]
[EventCountry "DEN"]
[SourceDate "2004.01.01"]

1. d4 Nf6 2. c4 g6 3. Nc3 d5 4. cxd5 Nxd5 5. e4 Nxc3 6. bxc3 Bg7 7. Bb5+ c6 8.
Be2 O-O 9. Nf3 Bg4 10. O-O Nd7 11. e5 Nb6 12. Ng5 Bf5 13. g4 Bc8 14. f4 Nd5 15.
Bd2 f6 16. Ne4 f5 17. gxf5 gxf5 18. Ng3 Kh8 19. c4 Nc7 20. Bc3 b5 21. Bf3 Be6
22. Bxc6 Bxc4 23. Bxa8 Qxa8 24. Rf2 a5 25. Qc2 Nd5 26. a4 Bh6 27. Bd2 Nb4 28.
Bxb4 axb4 29. a5 b3 30. Qc3 Rg8 31. a6 Qe4 32. a7 Bd5 33. Kf1 Rxg3 34. hxg3 Ba8
35. Re1 Qb7 36. Qc5 Qh1+ 37. Ke2 Qe4+ 38. Kd2 b2 39. Qb4 Qb7 40. Rh2 Bf8 41.
Qxb2 Qxa7 42. Ra1 Qb8 43. Qa2 Be4 44. Qf7 h6 45. Rxh6+ 1-0

[Event "2. Copenhagen Open Politiken Cup"]
[Site "Brndby"]
[Date "1980.??.??"]
[Round "8"]
[White "Jacobsen, Bo"]
[Black "Jensen, Allan Astrup"]
[Result "0-1"]
[WhiteElo "2370"]
[BlackElo "2245"]
[PlyCount "28"]
[EventDate "1980.??.??"]
[EventType "swiss"]
[EventRounds "10"]
[EventCountry "DEN"]
[SourceDate "2004.01.01"]

1. c4 e5 2. Nc3 Nc6 3. g3 f5 4. Bg2 Nf6 5. e3 g6 6. Rb1 Bg7 7. b4 e4 8. d3 d5
9. cxd5 Nxd5 10. Nxd5 Qxd5 11. dxe4 Qxa2 12. Bd2 Be6 13. f4 O-O-O 14. Rc1 Nxb4
0-1

[Event "2. Copenhagen Open Politiken Cup"]
[Site "Brndby"]
[Date "1980.??.??"]
[Round "8"]
[White "Jahr, Ulrich"]
[Black "Kovacs, Laszlo"]
[Result "1/2-1/2"]
[WhiteElo "2280"]
[BlackElo "2340"]
[PlyCount "143"]
[EventDate "1980.??.??"]
[EventType "swiss"]
[EventRounds "10"]
[EventCountry "DEN"]
[SourceDate "2004.01.01"]

1. e4 e5 2. Nf3 Nc6 3. c3 Nf6 4. d4 Qe7 5. Bb5 a6 6. Bxc6 bxc6 7. O-O d6 8. Re1
Nd7 9. Nbd2 f6 10. Qa4 Bb7 11. Nc4 Nb6 12. Qb4 Qf7 13. Nxb6 a5 14. Qa4 cxb6 15.
c4 Qd7 16. Qb3 Qc7 17. Be3 a4 18. Qc2 Be7 19. Rad1 O-O 20. Rd3 f5 21. Rdd1 c5
22. d5 Bc8 23. Bc1 f4 24. Nxe5 dxe5 25. d6 Bxd6 26. Qd3 Qf7 27. Qxd6 f3 28.
Qxe5 Ra7 29. b3 fxg2 30. Be3 Re7 31. Qd5 Be6 32. Qd6 axb3 33. axb3 Bg4 34. Rd2
Re6 35. Qd5 Bf3 36. Bf4 Kh8 37. Bg3 Rfe8 38. Re3 Qf6 39. Ra2 h5 40. h4 Kh7 41.
e5 Bxd5 42. exf6 Rxe3 43. fxe3 Bf3 44. Ra7 Kg6 45. fxg7 Kh7 46. Bf2 Rd8 47. Kh2
Rd6 48. Rf7 Bd1 49. Bg3 Rg6 50. Kxg2 Bxb3 51. Kf2 Bxc4 52. Rc7 Re6 53. Bf4 Bd5
54. Rd7 Be4 55. Rc7 Re8 56. Ke1 Kg8 57. Ke2 Bd5 58. Bg5 Re6 59. Bf4 Bc6 60. Bg3
b5 61. Kd3 c4+ 62. Kd4 Re4+ 63. Kc5 c3 64. Rc8+ Be8 65. Kd5 Rc4 66. Rxe8+ Kxg7
67. Be5+ Kf7 68. Rb8 c2 69. Bb2 Rb4 70. Rb7+ Kg8 71. Rb8+ Kf7 72. Rb7+ 1/2-1/2

[Event "2. Copenhagen Open Politiken Cup"]
[Site "Brndby"]
[Date "1980.??.??"]
[Round "8"]
[White "Morris, Walter"]
[Black "Jakobsen, Ole"]
[Result "1/2-1/2"]
[WhiteElo "2380"]
[BlackElo "2410"]
[PlyCount "97"]
[EventDate "1980.??.??"]
[EventType "swiss"]
[EventRounds "10"]
[EventCountry "DEN"]
[SourceDate "2004.01.01"]

1. e4 c5 2. Nf3 d6 3. d4 cxd4 4. Nxd4 Nf6 5. Nc3 a6 6. Bg5 e6 7. f4 Qc7 8. Bxf6
gxf6 9. Be2 Nc6 10. Qd3 Nxd4 11. Qxd4 Qc5 12. Qd2 Bd7 13. O-O-O Rc8 14. Bf3 b5
15. Kb1 b4 16. Ne2 Be7 17. f5 a5 18. Nf4 Rg8 19. g4 Bf8 20. h4 Ba4 21. Rc1 Bh6
22. fxe6 fxe6 23. g5 fxg5 24. Nxe6 Qe5 25. hxg5 Bxg5 26. Nxg5 Rxg5 27. Rxh7 Kd8
28. Qe3 Rc5 29. Be2 Rg7 30. Rh8+ Kc7 31. Bd3 Rf7 32. Rg8 Qf4 33. Qg1 Qf2 34.
Qh1 Qd4 35. e5 Bc6 36. exd6+ Qxd6 37. Qh8 Kb6 38. Re1 Qf6 39. Rb8+ Ka7 40. Qxf6
Rxf6 41. Rg8 Rh5 42. Rg4 Kb6 43. b3 Rh1 44. Rxh1 Bxh1 45. Kb2 Bd5 46. Rg5 Bc6
47. a3 Rf4 48. Bc4 Rf2 49. Bd3 1/2-1/2

[Event "2. Copenhagen Open Politiken Cup"]
[Site "Brndby"]
[Date "1980.??.??"]
[Round "8"]
[White "Mortensen, Erling"]
[Black "Brondum, Eric"]
[Result "1-0"]
[WhiteElo "2400"]
[BlackElo "2315"]
[PlyCount "73"]
[EventDate "1980.??.??"]
[EventType "swiss"]
[EventRounds "10"]
[EventCountry "DEN"]
[SourceDate "2004.01.01"]

1. c4 b6 2. d4 e6 3. e4 Bb7 4. Bd3 Qh4 5. Nd2 Bb4 6. Ngf3 Qg4 7. O-O Bxd2 8.
Nxd2 Qxd1 9. Rxd1 d6 10. b3 Nd7 11. Bb2 Ne7 12. Bc3 Ng6 13. d5 e5 14. b4 O-O
15. Nb3 f5 16. exf5 Nh4 17. g4 g6 18. fxg6 hxg6 19. Nd2 b5 20. Be2 bxc4 21.
Nxc4 Nf6 22. Na5 Ne4 23. Be1 Bc8 24. f4 g5 25. f5 Rf7 26. Rac1 Rh7 27. Rc2 Nf6
28. Bd2 Rg7 29. Be3 Kh7 30. Rc3 Ne8 31. Nc6 Bb7 32. b5 Bxc6 33. Rxc6 Nf6 34.
Ra6 e4 35. Rxa7 Re8 36. Bd4 Rf8 37. Rc1 1-0

[Event "2. Copenhagen Open Politiken Cup"]
[Site "Brndby"]
[Date "1980.??.??"]
[Round "8"]
[White "Nicholson, John"]
[Black "Fuglsang, Flemming"]
[Result "1/2-1/2"]
[WhiteElo "2305"]
[BlackElo "2205"]
[PlyCount "109"]
[EventDate "1980.??.??"]
[EventType "swiss"]
[EventRounds "10"]
[EventCountry "DEN"]
[SourceDate "2004.01.01"]

1. e4 c5 2. Nf3 d6 3. d4 cxd4 4. Nxd4 Nf6 5. Nc3 g6 6. Bc4 Bg7 7. h3 O-O 8. Bb3
Nc6 9. Be3 Bd7 10. O-O Rc8 11. f4 Qa5 12. Qf3 Nxd4 13. Bxd4 Bc6 14. Rad1 b5 15.
Qe3 b4 16. Nd5 Bxd5 17. exd5 Rc7 18. f5 Nh5 19. g4 Bxd4 20. Rxd4 Nf6 21. g5 Nh5
22. f6 exf6 23. gxf6 Qc5 24. Kh2 Rcc8 25. Ba4 Qa5 26. Bc6 Qxa2 27. Rxb4 Rb8 28.
Qa3 Qxa3 29. bxa3 Rxb4 30. axb4 Rb8 31. b5 h6 32. c4 g5 33. c5 dxc5 34. d6 Rd8
35. d7 Kf8 36. Ra1 Nxf6 37. Rxa7 Ke7 38. b6 Rb8 39. b7 Nxd7 40. Ra8 c4 41. Kg3
f5 42. Bxd7 f4+ 43. Kf3 Rxb7 44. Bg4 Rb3+ 45. Ke4 h5 46. Bxh5 Rxh3 47. Bf3 Rg3
48. Bh5 c3 49. Ra2 Kd6 50. Kd4 f3 51. Rf2 Rh3 52. Bg6 g4 53. Bf5 g3 54. Bxh3
gxf2 55. Kxc3 1/2-1/2

[Event "2. Copenhagen Open Politiken Cup"]
[Site "Brndby"]
[Date "1980.??.??"]
[Round "8"]
[White "Plachetka, Jan"]
[Black "Brinck Claussen, Bjorn"]
[Result "1/2-1/2"]
[WhiteElo "2480"]
[BlackElo "2370"]
[PlyCount "60"]
[EventDate "1980.??.??"]
[EventType "swiss"]
[EventRounds "10"]
[EventCountry "DEN"]
[SourceDate "2004.01.01"]

1. d4 Nf6 2. c4 g6 3. Nc3 d5 4. Nf3 Bg7 5. Bg5 Ne4 6. Bh4 Nxc3 7. bxc3 dxc4 8.
Qa4+ Qd7 9. Qxc4 b6 10. Bg3 Nc6 11. e3 Bb7 12. Be2 O-O 13. O-O Na5 14. Qb4 Rac8
15. Qa3 c5 16. Ne5 Bxe5 17. Bxe5 cxd4 18. cxd4 Nc4 19. Bxc4 Rxc4 20. f3 Rfc8
21. Qxa7 b5 22. Qa5 f6 23. Bg3 b4 24. Qb6 Ra8 25. a4 Ra6 26. Qb5 Qxb5 27. axb5
Rxa1 28. Rxa1 b3 29. Rb1 Rb4 30. Rb2 f5 1/2-1/2

[Event "2. Copenhagen Open Politiken Cup"]
[Site "Brndby"]
[Date "1980.??.??"]
[Round "8"]
[White "Pokojowczyk, Jerzy"]
[Black "Sorensen, Bent"]
[Result "0-1"]
[WhiteElo "2380"]
[BlackElo "2245"]
[PlyCount "118"]
[EventDate "1980.??.??"]
[EventType "swiss"]
[EventRounds "10"]
[EventCountry "DEN"]
[SourceDate "2004.01.01"]

1. e4 e6 2. d4 d5 3. Nd2 c5 4. exd5 exd5 5. Bb5+ Nc6 6. Ngf3 Bd6 7. O-O cxd4 8.
Nb3 Nge7 9. Nbxd4 O-O 10. h3 Ne5 11. Re1 N7g6 12. c3 a6 13. Bf1 h6 14. Nxe5
Bxe5 15. Be3 Bc7 16. g3 Be6 17. f4 Qd7 18. Kh2 Ne7 19. Bg2 Rad8 20. Bf2 Rfe8
21. Qb3 Bb8 22. Rad1 h5 23. Nxe6 fxe6 24. h4 Nf5 25. Bh3 g6 26. Qc2 Qd6 27. Qd3
Kh7 28. Qf3 Qf8 29. Bb6 Rc8 30. Rd2 Nxh4 31. Qd3 Rc6 32. Bd4 Nf5 33. Bxf5 exf5
34. Rde2 Re4 35. Be3 Qd8 36. Kg2 Rce6 37. Kf3 Bc7 38. b3 Qd7 39. c4 d4 40. Bd2
Rxe2 41. Rxe2 Qc6+ 42. Kf2 Rxe2+ 43. Qxe2 Qe4 44. b4 Kh6 45. Bc1 h4 46. gxh4
Bd8 47. Qxe4 fxe4 48. f5+ Kh5 49. fxg6 Bxh4+ 50. Ke2 Kxg6 51. Bb2 Bf6 52. Bc1
Kf5 53. Bh6 d3+ 54. Kd2 Bg5+ 55. Bxg5 Kxg5 56. Ke3 Kf5 57. a4 Ke5 58. a5 Kd6
59. Kd2 Kc6 0-1

[Event "2. Copenhagen Open Politiken Cup"]
[Site "Brndby"]
[Date "1980.??.??"]
[Round "8"]
[White "Poulsen, Allan"]
[Black "Angantysson, Haukur"]
[Result "1-0"]
[WhiteElo "2350"]
[BlackElo "2425"]
[PlyCount "47"]
[EventDate "1980.??.??"]
[EventType "swiss"]
[EventRounds "10"]
[EventCountry "DEN"]
[SourceDate "2004.01.01"]

1. e4 e5 2. Nf3 Nc6 3. Bb5 Bc5 4. c3 Nf6 5. d4 exd4 6. e5 Nd5 7. O-O O-O 8.
cxd4 Be7 9. Nc3 Nxc3 10. bxc3 d6 11. exd6 cxd6 12. Re1 Bg4 13. h3 Bh5 14. g4
Bg6 15. Qe2 Qa5 16. Bxc6 bxc6 17. Qxe7 f5 18. Bd2 fxg4 19. Qe6+ Kh8 20. Nh4 Bh5
21. hxg4 Rf6 22. Qe2 g5 23. c4 Bxg4 24. Qe7 1-0